01000naa#a2200193#i#4500001001600000005001700016011001400033100004100047102000700088200018900095210012800284215001000412608004500422675016100467700005000628700005600678700005200734856002000786RU\\bibl\12029220260416205813.4##a1819-4036##a20210331b2021####ek#y0rusy0150####ca##aRU1#aИССЛЕДОВАНИЕ ВОЗМОЖНОСТИ ИСПОЛЬЗОВАНИЯ НУТА КАК ИНГРЕДИЕНТА ОСНОВНОГО БИСКВИТАeЖурнальная статья1#aКрасноярскcКрасноярский государственный аграрный университетd2021##a6 с.##aЖурнальная статья2local##aПищевая промышленность в целом. Производство и консервирование пищевых продуктов. 664#1aЗахароваgИрина Ивановна#1aТолстоваgЕлена Геннадьевна#1aИвановаgОльга Николаевна4#avestnik.kgau.ru